01069nam a2200205 a 450000100100000000500170001000800410002704000250006808200150009310000550010824500790016326000470024230000200028950000240030958601310033304900090046495201870047395201860066099900170084600003290320240229073829.0110801s1924 dr 000 0 spa d aDO-SdBNPbspacBNPHU axxxbH519g1 aHenríquez i Carvajal, Federico,d1848-19529779210aGuarocuya :bel monologo de Enriquillo /cFederico Henríquez i Carvajal. aSanto Domingo :bImprenta Montalvo,c1924. a52 p. ;c22 cm. aLeyenda quisqueyana aPrimer premio en los Juegos Florales Hispono-Dominicanos en el día de la raza, de Colón i de América, octubre 12 de 1924 aBNPD 001050718RVaPDbPDcCTd2011-08-01iLF1l0oxxx H519gp32903-10r2020-06-25w2020-06-25y1zPerteneció a la biblioteca personal de Federico Henríquez y CarvajalZNo se presta 001050718RVaPDbPDcCTd2011-08-08iLF1l0oxxx H519gp32903-20r2020-06-25te. 2w2020-06-25y1zPerteneció a la biblioteca personal de Carlos Larrazabal BlancoZNo se presta c32394d32394